Statistics for All mountains of the world that are higher than 4250 meters

Click here to take the quiz!

General Stats

  • This quiz has been taken 18 times
  • The average score is 17 of 475

Answer Stats

CountryRegionMountainElevation in meters% Correct
Pakistan/ChinaKarakoramK28.611 m
100%
Nepal/ChinaHimalayasMount Everest8.848 m
92%
ArgentinaAndesAconcagua6.962 m
75%
NepalHimalayasAnnapurna8.091 m
75%
IranZagros MountainsDena4.448 m
75%
Nepal/ChinaHimalayasLhotse8.516 m
67%
France/ItalyMont Blac MassifMont Blanc4.810 m
67%
PakistanHimalayasNanga Parbat8.126 m
58%
NepalHimalayasDhaulagiri8.167 m
50%
Nepal/ChinaHimalayasMakalu8.485 m
50%
Switzerland/ItalyPennine AlpsMatterhorn4.478 m
50%
TanzaniaEastern Rift MountainsMount Kilimanjaro5.895 m
50%
EcuadorAndesChimborazo6.267 m
42%
Nepal/ChinaHimalayasCho Oyu8.201 m
42%
Nepal/IndiaHimalayasKangchenjunga8.586 m
42%
RussiaCaucasus MountainsMount Elbrus5.642 m
42%
KenyaKenyaMount Kenya5.199 m
42%
TurkeyTurkeyMount Ararat5.137 m
33%
CanadaSaint Elias Mountains, YukonMount Logan5.959 m
33%
ChinaHimalayasShishapangma8.027 m
33%
United StatesCascades, WashingtonMount Rainier4.392 m
25%
IndiaHimalayasNanda Devi7.816 m
25%
NepalHimalayasAnnapurna 27.937 m
17%
Bhutan/ChinaHimalayasGangkhar Puensum7.570 m
17%
TajikistanPamir MountainsIsmoil Somoni Peak7.495 m
17%
India (Jammu and Kashmir)/ PakistanKarakoramK127.428 m
17%
NepalHimalayasManaslu8.163m
17%
United StatesAlaska rangeMount Foraker5.304 m
17%
United StatesSierra Nevada, CaliforniaMount Whitney4.421 m
17%
Argentina/ChileAndesOjos del Salado6.891 m
17%
PakistanKarakoramRakaposhi7.788 m
17%
AntarticaEllsworth Mountains, Sentinel RangeVinson Massif4.892 m
17%
NepalHimalayasAnnapurna 37.555 m
8%
NepalHimalayasAnnapurna 47.525 m
8%
PakistanKarakoramBatura Sar7.795 m
8%
Nepal/ChinaHimalayasChomo Lonzo7.804 m
8%
Afghanistan/TajikistanPamir MountainsConcord Peak5.469 m
8%
EcuadorAndesCotopaxi5.897 m
8%
PakistanKarakoramDistaghil Sar7.885 m
8%
SwitzerlandPennine AlpsDom4.545 m
8%
SwitzerlandPennine AlpsDufourspitze4.634 m
8%
PakistanKarakoramGasherbrum 37.952 m
8%
PakistanKarakoramGasherbrum 47.932 m
8%
PakistanKarakoramGasherbrum 57.147 m
8%
PakistanKarakoramGasherbrum 66.979 m
8%
MyanmarHimalayasHkakabo Razi5.881 m
8%
China/KyrgyzstanTian ShanJengish Chokusu7.439 m
8%
PakistanKarakoramK6 / Baltistan Peak7.282 m
8%
PakistanKarakoramK76.934 m
8%
IndiaHimalayasKamet7.756 m
8%
PakistanKarakorumKanjut Sar7.790 m
8%
Kyrgyztan/Kazakhstan/ChinaTian ShanKhan Tengri7.010 m
8%
UzbekistanGissar RangeKhazret Sultan4.643 m
8%
ChinaPamir/Kunlun MountainsKongur Tagh7.649 m
8%
Tajikistan / KyrgyztanPamir MountainsLenin Peak7.134 m
8%
ChinaKunlunLiushi Shan7.167 m
8%
NepalAnnapurna HimalMachapuchare6.993 m
8%
PakistanKarakoramMasherbrum (K1)7.821 m
8%
United StatesWrangell Mountains,AlaskaMount Blackburn4.996 m
8%
United StatesSaint Elias Mountains,AlaskaMount Bona5.005 m
8%
United StatesSawatch Range, ColoradoMount Elbert4.402 m
8%
United StatesAlaska Range, AlaskaMount Hunter4.442 m
8%
ChinaTranshimalayaMount Kailash6.638 m
8%
Rwanda/Democratic Republic of the CongoVirunga MountainsMount Karisimbi4.507 m
8%
TanzaniaTanzaniaMount Meru4.566 m
8%
ChinaHimalayasNamcha Barwa7.783 m
8%
ColombiaAndesNevado del Ruiz5.389 m
8%
BoliviaAndesNevado Sajama6.542 m
8%
AfghanistanHindu KushNoshaq7.492 m
8%
NepalHimalayasNuptse7.861 m
8%
VenezuelaSierra Nevada de Mérida,AndesPico Bolívar4.981 m
8%
ColombiaSierra Nevada de Santa MartaPico Cristóbal Colón5.776 m
8%
MexicoTrans Mexican Volcanic BeltPico de Orizaba5.636 m
8%
MexicoTrans Mexican Volcanic BeltPopocatépetl5.426 m
8%
IndonesiaSudirman Range, PapuaPuncak Jaya4.884 m
8%
EthiopiaSimien Mountains, AmharaRas Dashen4.533 m
8%
ColombiaAndesRitacuba Blanco5.410 m
8%
IranIranSabalan4.811 m
8%
PakistanHindu KushTirich Mir7.708 m
8%
ChileAndesAcamarachi6.046 m
0%
Bolivia/ChileAndesAcotango6.052 m
0%
United StatesSait Elias Mountains, AlaskaAello Peak4.403 m
0%
IranAlborzAlam Kuh4.850 m
0%
PeruAndesAlpamayo5.947 m
0%
ChinaAltyn-Tagh, GansuAltun Shan5.798 m
0%
NepalHimalayasAma Dablam6.812 m
0%
India (Jammu and Kashmir)HimalayasAmarnath Peak5.186 m
0%
ChinaKunlun MountainsAmne Machin6.282 m
0%
PeruAndesAmpato6.288 m
0%
BoliviaAndesAncohuma6.427 m
0%
PakistanKarakoramAngel Sar6.858 m
0%
NepalHimalayasAnnapurna South7.219 m
0%
EcuadorAndesAntisana5.753 m
0%
ArgentinaAndesAntofalla6.409 m
0%
NepalHimalayasApi7.132 m
0%
China/IndiaKarakorumApsarasas Kangri7.245 m
0%
ArgentinaAndesAracar6.082 m
0%
ChileAndesAucanquilcha6.176 m
0%
PeruAndesAusangate6.384 m
0%
TajikistanPamir MountainsAvicenna Peak6.974 m
0%
IranAlborzAzad Kuh4.355 m
0%
Russia/GeorgiaCaucasus MountainsBabis Mta4.454 m
0%
PakistanKarakoramBaintha Brakk7.285 m
0%
ChinaKangri GarpoBairiga6.882 m
0%
PakistanKarakoramBaltoro Kangri7.312 m
0%
IndiaHimalayasBamba Dhura6.334 m
0%
NepalHimalayasBaruntse7.162 m
0%
AzerbaijanGreater CaucasusBazarduzu Dagi4.485 m
0%
RussiaAltay MountainsBelukha Mountain4.506 m
0%
IndiaHimalayasBhagirathi 16.856 m
0%
PakistanKarakoramBiarchedi6.781 m
0%
United StatesRocky MountainsBlanca Peak4.374 m
0%
ChinaTien Shan, XinjiangBogda Feng5.445 m
0%
PakistanKarakoramBojohagur Duanasir7.329 m
0%
KyrgyztanTeskey AlatooBoris Yeltsin Peak5.168 m
0%
Pakistan/ChinaKarakoramBroad Peak (K3)8.051 m
0%
PakistanHindu RajBuni Zom6.542 m
0%
GeorgiaCaucasus MountainsBurchula4.364 m
0%
United StatesElk Mountains, ColoradoCapitol Peak4.307 m
0%
EcuadorAndesCarihuairazo5.018 m
0%
United StatesElk Mountains, ColoradoCastle Peak4.348 m
0%
EcuadorAndesCayambe5.790 m
0%
ArgentinaAndesCerro Bonete6.759 m
0%
Argentina/ChileandesCerro El Muerto6.488 m
0%
ChileAndesCerro El Plomo5.434 m
0%
BoliviaAndesCerro Lípez5.929 m
0%
BoliviaAndesChacaltaya5.421 m
0%
BoliviaAndesChachakumani6.074 m
0%
PeruAndesChachani6.057 m
0%
United StatesSangre de Cristo RangeChallenger Point4.292 m
0%
NepalHimalayasChamlang7.319 m
0%
Nepal/ChinaHimalayasChangla6.721 m
0%
ChinaHimalayasChangtse7.583 m
0%
IndiaHimalayasChaukhamba7.138 m
0%
PakistanKarakoramChogolisa7.665 m
0%
NepalHimalayasCholatse6.440 m
0%
India/ChinaSikkimChomo Yummo6.829 m
0%
PakistanNanga Parbat HimalayaChongra Peak6.830 m
0%
NepalHimalayasCho Pulu6.735 m
0%
MexicoMexicoColima4.330 m
0%
EcuadorAndesCorazón4.790 m
0%
PeruAndesCoropuna6.425 m
0%
United StatesSangre de Cristo Range, ColoradoCrestone Needle4.327 m
0%
United StatesSangre de Cristo Range, ColoradoCrestone Peak4.357 m
0%
United StatesColoradoCulebra Peak4.282 m
0%
United StatesAlaska RangeDenali (Mount McKinley)6.168 m
0%
SwitzerlandPennine AlpsDent Blanche4.357 m
0%
GeorgiaCaucasus Mountains, TushetiDiklosmta4.285 m
0%
PakistanKarakorumDiran7.257 m
0%
IndiaHimalayasDunagiri7.066 m
0%
SwitzerlandPennine AlpsDunantspitze4.632 m
0%
RussiaCaucasus Mountains,North CaucasusDykh-Tau5.205 m
0%
Switzerland/ItalyPennine AlpsEastern Liskamm4.527 m
0%
EcuadorAndesEl Altar5.320 m
0%
United StatesSan Juan Mountains, ColoradoEl Diente Peak4.315 m
0%
United StatesSangre de Cristo Range, ColoradoEllingwood Point4.280 m
0%
PeruAndesEl Misti5.822 m
0%
ChileAndesEl Plomo5.450 m
0%
PakistanHindu KushFalak Sar5.918 m
0%
SwitzerlandBernese AlpsFinsteraarhorn4.274 m
0%
ColumbiaAndesGaleras4.276 m
0%
NepalAnnapurna HimalayaGangapurna7.455 m
0%
Pakistan/ChinaKarakoramGasherbrum 1 (K5)8.080 m
0%
Pakistan/ChinaKarakoramGasherbrum 2 (K4)8.035 m
0%
Nepal/ChinaRolwaling HimalayasGauri Sankar7.134 m
0%
ChinaTanggulaGeladaindong Peak6.621 m
0%
ChinaShaluli RangeGenyen Massif6.204 m
0%
PakistanHindu KushGhamubar Zom6.518 m
0%
India (Jammu and Kashmir)/ PakistanKarakoramGhent Kangri7.401 m
0%
Nepal/IndiaHimalayas, SikkimGimmigela Chuli7.350 m
0%
GeorgiaCaucasus Mountains, SvanetiGistola4.860 m
0%
ChinaDaxue Shan, SichuanGongga Shan7.556 m
0%
SwitzerlandPennine AlpsGrand Combin4.313 m
0%
United StatesFront Range, ColoradoGrays Peak4.350 m
0%
ChinaHengduan MountainsGrid Nie Mountain6.224 m
0%
PakistanHindu KushGul Lasht Zom6.657 m
0%
PakistanIndus KohistanGunshar4.950 m
0%
ChinaHimalayas (Nalakankar)Gurla Mandhata7.694 m
0%
Nepal/ChinaHimalayasGyachung Knag7.952 m
0%
ChinaHimalayasGyala Peri7.294 m
0%
ChinaHimalayas, YunnanHaba Xueshan5.396 m
0%
United StatesSan Juan Mountains,ColoradoHandies Peak4.281 m
0%
PaksitanKarakoramHaramosh Peak7.397 m
0%
IndiaHimalayasHardeol7.151 m
0%
BoliviaAndesHiayna Potosí6.088 m
0%
NepalHimalayasHimalchuli (Manaslu)7.893 m
0%
NepalAnnapurna HimalayaHiunchuli6.441 m
0%
PeruAndesHualca Hualca6.025 m
0%
PeruAndesHuandoy6.395 m
0%
PeruAndesHuascarán Norte6.655 m
0%
PeruAndesHuascarán Sur6.768 m
0%
PeruAndesHuaynaputina4.850 m
0%
United StatesSangre de Cristo RangeHumboldt Peak4.287 m
0%
United StatesSawatch Range, ColoradoHuron Peak4.269 m
0%
BoliviaAndesIllampu6.368 m
0%
BoliviaAndesIllimani6.438 m
0%
EcuadorAndesIlliniza5.248 m
0%
NepalHimalayasImja Tse6.189 m
0%
Argentina/ChileAndesIncahuasi6.621 m
0%
PakistanHindu KushIstor-o-Nal7.403 m
0%
MexicoTrans Mexican Volcanic BeltIztaccíhuatl5.230 m
0%
ChinaHengduan Mountains, YunnanJade Dragon snow Mountain5.596 m
0%
Georgia/RussiaCaucasus Mountains,Northern CaucasusJanga5.051 m
0%
NepalHimalayasJannu7.710 m
0%
NepalHimalayasJethi Bahurani6.850 m
0%
GeorgiaCaucasus Mountains, Khokh RangeJimara4.780 m
0%
Bhutan/ChinaHimalayasJomolhari / Chomolhari7.314 m
0%
India/NepalHimalayas, SikkimKabru7.394 m
0%
NepalKhumbu HimalayasKala Patthar5.489 m
0%
NepalManaslu HimalayaKang Guru6.981 m
0%
India (Jammu and Kashmir)KarakoramKangju Kangri6.725 m
0%
ChinaHimalayasKangpenqing7.281 m
0%
Bhutan/ChinaHimalayasKangphu Kang7.204 m
0%
India/ChinaHimalayas, Arunachal PradeshKangto7.060 m
0%
IndiaHimalayasKang Yatze6.400 m
0%
NepalHimalayasKanjiroba6.883 m
0%
PakistanKrakoramKarun Kuh6.974 m
0%
ChinaHimalayasKawagarbo6.740 m
0%
IndiaHimalayasKedarnath6.940 m
0%
ChinaKarakoramKezher Peak7.038m
0%
ChinaHimalayasKhartaphu7.213 m
0%
IranAlborzKholeno4.387 m
0%
Nepal/ChinaHimalayasKhumbutse6.640 m
0%
PakistanKarakoramKhunyang Chhish7.852 m
0%
CanadaSaint Elias MountainsKing Peak5.173 m
0%
IndiaHimalayas, Himachal PradeshKinnaur Kailash6.349 m
0%
Nepal/IndiaHimalayas, SikkimKirat Chuli7.365 m
0%
Unites StatesSangre de Cristo Range,ColoradoKit Carson Mountain4.318 m
0%
RussiaKamchatkaKlyuchevskaya Sopka4.750 m
0%
India (Jammu and Kashmir)HimalayasKolahoi Peak5.425 m
0%
NepalHimalayasKongde Ri6.187 m
0%
TajikistanPamir MountainsKorzhenevskaya7.105 m
0%
RussiaCauscasus Mountains,North CaucasusKoshtan-Tan5.150 m
0%
PakistanHindu KushKoyo Zom6.872 m
0%
Nepal/ChinaHimalayasKubi Gangri6.859 m
0%
ChinaHimalayasKula Kangri7.554 m
0%
NepalHimalayasKusum Kangguru6.367 m
0%
Nepal/ChinaHimalayasLabuche Kang7.367 m
0%
PakistanKarakoramLaila Peak6.985 m
0%
PakistanHimalayaLaila Peak5.971 m
0%
PakistanKarakoramLaila Peak6.096 m
0%
GeorgiaCaucasus Mountains,SvanetiLalveri4.350 m
0%
NepalHimalayasLangtang Lirung7.227 m
0%
Nepal/ChinaHimalayasLangtang Ri7.205 m
0%
United StatesSawatch Range, ColoradoLa Plata Peak4.372 m
0%
ChileAndesLascar Volcano5.592 m
0%
PakistanKarakoramLatok 17.145 m
0%
SwitzerlandPennine AlpsLenzspitze4.294 m
0%
Bhutan/ChinaHimalayasLiankang Kangri7.535 m
0%
Bolivia/ChileAndesLicancabur5.920 m
0%
PakistanKarakoramLink Sar7.041 m
0%
United StatesSangre de Cristo Range, ColoradoLittle Bear Peak4.279 m
0%
Argentina/ChileAndesLlillaillaco6.739 m
0%
NepalHimalayasLobuche6.119 m
0%
United StatesFront Range, ColoradoLongs Peak4.345 m
0%
Switzerland/ItalyPennine AlpsLudwigshöhe4.341 m
0%
Nepal/ChinaHimalayasLunag Ri6.895 m
0%
India (Jammu and Kashmir)HimalayasLungser Kangri6.666 m
0%
Afghanistan/PakistanHindu KushLunkho e Dosare6.901 m
0%
ChinaHimalayasLunpo Gangri7.095 m
0%
PakistanKarakoramLupghar Sar7.200 m
0%
India (Jammu and Kashmir)HimalayasMachoi Peak5.458 m
0%
Argentina/ChileAndesMaipo5.264 m
0%
PakistanHimalayas, Kaghan ValleyMalika Parbat5.190 m
0%
PakistanKarakoramMalubiting7.458 m
0%
India (Jammu and Kashmir)KarakorumMamostong Kangri7.516 m
0%
IndiaHimalayasMana Peak7.272 m
0%
IndiaHimalayas, Himachal PradeshManirang6.597 m
0%
Argentina/ChileAndesMarmolejo6.108 m
0%
United StatesElk Mountains, ColoradoMaroon Peak4.315 m
0%
CanadaSait Elias Mountains, YukonMcArthur Peak4.344 m
0%
PakistanKarakoramMehrbani Peak5.639 m
0%
ChinaRolwaling HimalayasMelungtse7.181 m
0%
NepalHimalayasMera Peak6.476 m
0%
ArgentinaAndesMercedario6.720 m
0%
IndiaHimalayasMeru Peak6.660 m
0%
ChinaYunnanMianzimu6.052 m
0%
United StatesSierra Nevada, CaliforniaMiddle Palisade4.271 m
0%
PakistanKarakoramMinglik Sar6.050 m
0%
United StatesSawatch Range, ColoradoMissouri Mountain4.282 m
0%
PakistanKarakoramMitre Peak6.010 m
0%
ChinaHimalayasMolamenqing7.703 m
0%
France/ ItalyMont Blac massifMont Blanc de Courmayeur4.748 m
0%
ArgentinaAndesMonte Pissis6.795 m
0%
France/ItalyMont Blanc massifMont Maudit4.465 m
0%
GeorgiaCaucasus Mountains, SvanetiMount Adishi4.290 m
0%
Canada/United StatesSaint Elias Mountains,Alaska, YukonMount Alverstone4.420 m
0%
United StatesSawatch Range, ColoradoMount Antero4.349 m
0%
United StatesSaint Elias Mountains, AlaskaMount Augusta4.290 m
0%
United StatesSaint Elias Mountain Range, AlaskaMount Bear4.521 m
0%
United StatesSawatch Range, ColoradoMount Belford4.327 m
0%
United StatesFront Range, CaliforniaMount Bierstadt4.286 m
0%
United StatesMosquito Range,ColoradoMount Bross4.320 m
0%
United Statessaint Elias Mountains, AlaskaMount Churchill4.766 m
0%
United StatesSawatch Range, ColoradoMount Columbia4.291 m
0%
IranAlborzMount Damavand5.610 m
0%
United StatesMosquito Range, ColoradoMount Democrat4.312 m
0%
Uganda/KenyaBorder Kenya-UgandaMount Elgon4.321 m
0%
United StatesSan Juan Mountains, ColoradoMount Eolus4.292 m
0%
United StatesFront Range, ColoradoMount Evans4.350 m
0%
United StatesFairweather Range, AlaskaMount Fairweather4.663 m
0%
Papua New GuineaSouthern HighlandsMount Giluwe4.368 m
0%
India (Jammu and Kashmir)HimalayaMount Haramukh5.300 m
0%
United StatesSawatch Range, ColoradoMount Harvard4.395 m
0%
CanadaSaint Elias MountainsMount Hubbard4.577 m
0%
GeorgiaCaucasus MountainsMount Kazbek5.047 m
0%
CanadaSaint Elias Mountains,YukonMount Kennedy4.250 m
0%
United StatesSierra Nevada,CaliforniaMount Langley4.275 m
0%
United StatesMosquito Range, ColoradoMount Lincoln4.354 m
0%
United StatesSangre de Cristo Range, ColoradoMount Linsey4.280 m
0%
ChinaMin Mountains, SichuanMount Little Xuebaoding5.443 m
0%
CanadaSait Elias Mountains, YukonMount Lucania5.226 m
0%
United StatesSawatch Range, ColoradoMount Massive4.395 m
0%
United StatesSierra Nevada,CaliforniaMount Muir4.272 m
0%
United StatesSawatch Range, ColoradoMount of the Holy Cross4.269 m
0%
United StatesSawatch Range, ColoradoMount Oxford4.313 m
0%
IndiaHimalayas, SikkimMount Pandim6.691 m
0%
ChinaQionglai Range, SichuanMount Pomiu5.413 m
0%
United StatesSawatch Range, ColoradoMount Priceton4.327 m
0%
United StatesSierra Nevada,CaliforniaMount Russell4.296 m
0%
AntarcticaEllsworth Mountains, Sentinel RangeMount Rutford4.477 m
0%
United StatesWrangell Mountains,AlaskaMount Sanford4.949 m
0%
Russia/GeorgiaCaucasus MountainsMount Shani4.451 m
0%
United StatesCaliforniaMount Shasta4.322 m
0%
United StatesSawatch Range,ColoradoMount Shavano4.337 m
0%
United StatesMosquito Range, ColoradoMount Sherman4.278 m
0%
AntarcticaVolcanic Seven SummitsMount Sidley4.285 m
0%
ChinaQionglai MountainsMount Siguniang6.250 m
0%
United StatesSierra Nevada,CaliforniaMount Sill4.314 m
0%
CanadaSaint Elias MountainsMount Slaggard4.742 m
0%
United StatesSan Juan Mountains, ColoradoMount Sneffels4.312 m
0%
Democratic Republic of the Congo/UgandaRuwenzori MountainsMount Stanley5.109 m
0%
CanadaSaint Elias Mountains, YukonMount Steele5.073 m
0%
CanadaSaint Elias Mountains,YukonMount Strickland4.260 m
0%
United StatesSierra Nevada,CaliforniaMount Tyndall4.237 m
0%
AntarcticaEllsworth Mountains, Sentinel RangeMount Tyree4.852 m
0%
CanadaSaint Elias Mountains, YukonMount Vancouver4.812 m
0%
CanadaSaint Elias MountainsMount Walsh4.507 m
0%
Papua-NewguineaBismarck RangeMount Wilhelm4.509 m
0%
United StatesSierra Nevada, CaliforniaMount Williamson4.382 m
0%
United StatesSan Juan Mountains, ColoradoMount Wilson4.342 m
0%
CanadaSaint Elias Mountains, YukonMount Wood4.842 m
0%
United StatesAlaskaMount Wrangell4.317 m
0%
ChinaMin Mountains, SichuanMount Xuebaoding5.588 m
0%
PakistanKarakoramMuchu Chhish (Batura 5)7.453 m
0%
ChinaKongur Tagh, XinjiangMuztagh Ata7.546 m
0%
PakistanKarakorumMuztagh Tower7.273 m
0%
PakistanPakistanNaltar Peak4.678 m
0%
IndiaHimalayasNanda Kot6.861 m
0%
ChinaKarakoramNapko Kangri6.956 m
0%
NepalHimalayasNemjung7.140 m
0%
BoliviaAndesNevado Anallajsi5.750 m
0%
ColombiaAndesNevado del Huila5.364 m
0%
ColombiaAndesNevado del Tolima5.276 m
0%
MexicoMexicoNevado de Toluca4.577 m
0%
PeruAndesNevado Mismi5.597 m
0%
PeruAndesNevado Pisco5.752 m
0%
Argentina/ChileAndesNevado Tres Cruces6.749 m
0%
ChileAndesNevado Tres Cruces Central6.629 m
0%
NepalHimalayasNgadi Chuli (Manaslu)7.871 m
0%
IndiaHimalayasNilkantha6.596 m
0%
Switzerland/ItalyPennine AlpsNordend4.609 m
0%
United StatesSierra Nevada,CaliforniaNorth Palisade4.341 m
0%
NepalHimlayasNum Ri6.677 m
0%
India (Jammu and Kashmir)KarakoramNun Kun7.135 m
0%
India/ ChinaHimalayas, Arunachal PradeshNyegyi Kangsang7.047 m
0%
IndiaHimalayasPanchchuli6.904 m
0%
NepalHimalayasPangpoche6.620 m
0%
Bolivia/ChileAndesParinaquta6.348 m
0%
Switzerland/ItalyPennine AlpsParrotspitze4.432 m
0%
PakistanKarakorumPassu Sar7.476m
0%
India/ChinaHimalayas, SikkimPauhunri7.128 m
0%
PakistanKarakoramPhuparash Peak6.574 m
0%
EcuadorAndesPichincha4.784 m
0%
PeruAndesPichu Pichu5.664 m
0%
VenezuelaAndes, Sierra Nevada de MéridaPico Bonpland4.890 m
0%
VenezuelaAndesPico El Buitre4.650 m
0%
VenezuelaAndesPico El Leon4.720 m
0%
VenezuelaAndesPico El Toro4.730 m
0%
VenezuelaAndes, Sierra Nevada de MéridaPico Humboldt4.940 m
0%
VenezuelaAndes, Sierra Nevada de MéridaPico La Concha4.870 m
0%
VenezuelaAndesPico Los Nevados4.700 m
0%
VenezuelaAndesPico Mucuñuque4.660 m
0%
VenezuelaAndes,Sierra de la CulataPico Pan de Azucar4.680 m
0%
VenezuelaAndes, Sierra de la CulataPico Piedras Blancas4.740 m
0%
United StatesSan Juan Mountains, ColoradoPigeon Peak4.259 m
0%
United StatesColoradoPikes Peak4.302 m
0%
KazakhstanTian ShanPik Talgar4.979 m
0%
NepalAnnapurna HimalayaPisang Peak6.091 m
0%
FranceGraian Alps,Mont Blanc massifPointe Bayeux4.258 m
0%
NepalKhumbu HimalayasPokalde5.745 m
0%
Bolivia/ChileAndesPomerape6.282 m
0%
ChinaHimalayasPorong Ri7.292 m
0%
PakistanKarakoramPumari Chhish7.492 m
0%
NepalHimalayasPumori7.161 m
0%
IndonesiaPapuaPuncak Mandala4.760 m
0%
United StatesElk Mountains,ColoradoPyramid Peak4.273 m
0%
Unites StatesTenmile Range, ColoradoQuandary Peak4.350 m
0%
United StatesSan Juan Mountains, ColoradoRedcloud Peak4.277 m
0%
IndiaWestern HimalayaReo Purgyil6.816 m
0%
India (Jammu and Kashmir)KarakoramRimo 17.385 m
0%
EcuadorAndesRumiñahui4.721 m
0%
PeruAndesSalcantay6.271 m
0%
India/Pakistan (Jammu and Kashmir)KarakoramSaltoro Kangri7.742 m
0%
EcuadorAndesSangay5.230 m
0%
ChileAndesSan José5.856 m
0%
United StatesSan Juan Mountains, ColoradoSan Luis Peak4.271 m
0%
India (Jammu and Kashmir)KarakoramSaser Kangri7.672 m
0%
India (Jammu and Kashmir)KarakoramSaser Kangri 27.518 m
0%
India (Jammu and Kashmir)KarakorumSaser Kangri 37.495 m
0%
IndiaHimalayasSatopanth7.075 m
0%
Afghanistan/PakistanHindu KushShah Dhar7.038 m
0%
PakistanHindu KushShayaz6.026 m
0%
PakistanKarakoramSherpi Kangri7.380 m
0%
PaksitanKarakoramShispare7.611 m
0%
GeorgiaCaucasus MountainsShkhara5.201 m
0%
Russia/ GeorgiaCaucasus Mountains,Svaneti,North CaucasusShota Rustaveli Peak4.960 m
0%
PakistanKarakoramSia Kangri7.422 m
0%
India (Jammu and Kashmir)HimalayasSickle Moon Peak6.574 m
0%
MexicoMexicoSierra Negra4.640 m
0%
Switzerland/ItalyPennine AlpsSignalkuppe4.554 m
0%
PakistanHimalayasSilberzacken/East Peak7.597 m
0%
NepalAnnapurna HimalayasSingu Chuli6.501 m
0%
IndiaKangchenjunga Himalayas, SikkimSiniolchu6.888 m
0%
India (Jammu and Kashmir)HimalayaSirbal Peak5.236 m
0%
PeruAndesSiula Grande6.344 m
0%
PakistanKarakoramSkil Brum7.360 m
0%
PakistanKarakoramSkyang Kangri7.545 m
0%
United StatesElk Mountains, ColoradoSnowmass Mountain4.295 m
0%
Argentina/ChileAndesSocompa6.051 m
0%
PakistanKarakoramSpantik7.027 m
0%
United StatesSierra Nevada,CaliforniaSplit Mountain4.287 m
0%
India (Jammu and Kashmir)HimalayasStok Kangri6.137 m
0%
ChinaHimalayasSuguang Ri7.308 m
0%
United StatesSan Juan Mountains, ColoradoSunlight Peak4.285 m
0%
India (Jammu and Kashmir)HimalayasSunset Peak4.745 m
0%
United StatesSan Juan Mountains, ColoradoSunshine Peak4.268 m
0%
Unites StatesSawatch Range, ColoradoTabeguache Peak4.315 m
0%
NepalHimalayasTaboche6.501 m
0%
SwitzerlandPennine AlpsTäschhorn4.491 m
0%
India (Jammu and Kashmir)HimalayasTatakooti Peak4.725 m
0%
MongoliaBayan-Ölgii PrivinceTavan Bogd Uul4.374 m
0%
Russia/GeorgiaCaucasus Mountains, ChechnyaTebulosmta4.493 m
0%
GeorgiaCaucasus Mountains, SvanetiTetnuldi4.858 m
0%
IndiaHimalayasThalay Sagar6.904 m
0%
NepalHimalayasThamserku6.623 m
0%
ChinaKarakoramThe Crown / Huang Guan Shan7.295 m
0%
United StatesSierra Nevada, CaliforniaThunderbolt Peak4.268 m
0%
NepalAnnapurna HimalTilicho Peak7.134 m
0%
Bhutan/ChinaHimalayasTongshanjiabu7.207 m
0%
United StatesFront Range, ColoradoTorreys Peak4.349 m
0%
IndiaHimalayasTrisul7.120 m
0%
IndiaHimalayasTrisuli7.074 m
0%
PakistanKarakoramTrivor7.577 m
0%
EcuadorAndesTungurahua5.023 m
0%
PeruAndesUbinas5.672 m
0%
PakistanHindu KushUdren Zom7.140 m
0%
PakistanKarakoramUltar7.388 m
0%
ChinaKunlun MountainsUlugh Muztagh6.973 m
0%
United StatesSan Juan Mountains, ColoradoUncompahgre Peak4.361 m
0%
United StatesSaint Elias Mountains, AlaskaUniversity Peak4.411 m
0%
GeorgiaCaucasus Mountains, SvanetiUshba4.710 m
0%
BoliviaAndesUturunku6.020 m
0%
KyrgyztanKyrgyz AlatauVladimir Putin Peak4.446 m
0%
ArgentinaAndesVolcán Domuyo4.709 m
0%
SwitzerlandPennine AlpsWeisshorn4.506 m
0%
United StatesSan Juan Mountains, ColoradoWetterhorn Peak4.271 m
0%
United StatesWhite Mountains, CaliforniaWhite Mountain Peak4.342 m
0%
United StatesSan Juan Mountains,ColoradoWilson Peak4.272 m
0%
United StatesSan Juan Mountains, ColoradoWindom Peak4.292 m
0%
PeruAndesYerupajá6.635 m
0%
PakistanKarakoramYukshin Gardan Sar7.530 m
0%
PakistanKarakoramYutmaru Sar7.283 m
0%
ChinaKunlun MountainsYuzhu Peak6.224 m
0%
Switzerland/ItalyPennine AlpsZumsteinspitze4.563 m
0%

Score Distribution

Percentile by Number Answered

Percent of People with Each Score

Your Score History

You have not taken this quiz